000 01245nam a2200277 a 4500
001 BRCA_4360
005 20190320204636.0
008 150710s1826----mx-#######---#000-0#spa-#
041 _aspa
044 _amx
050 4 _aF1230.C6
_b.L67 2
_c1826
100 1 _aLopez de Gomára, Francisco
_d1511-1566 (?)
_911126
245 1 0 _aHistoria de las conquistas de Hernando Cortés
_cescrita en español por Francisco Lopez de Gomára ; traducida al mexicano y aprobada por verdadera por Juan Bautista de San Anton Muñon Chimalpain Quauhtlehuanitzin ; publicada con varias notas y adiciones Carlos María de Bustamante.
260 _aMéxico
_bOntiveros
_c1826
300 _a187 p. (v.2)
_c20 cm.
500 _aIncluye Suplemento: A la historia de las conquitas de Hernan Cortés escrita por Chimalpain e índice de la historia de las conquistas de Hernando Cortés
500 _aVer también B99 (v.1)
500 _aDD51
600 1 4 _aCortés, Hernando
_d1485-1547
_911127
650 1 4 _aGuerra Mixton
_911128
651 4 _aMéxico
_xHistoria
_zConquista, 1519-1540
_911129
700 1 _aChimalpain Quauhtlehuanitzin, Juan Bautista de San Anton Muñon
_911130
700 1 _aBustamante, Carlos María de
_911131
902 _aGFM
942 _2lcc
_cB
999 _c4071
_d4071